Formación de competencias docentes: diseñar y aprender con ambientes computacionales
Gespeichert in:
| Hauptverfasser: | , |
|---|---|
| Format: | Buch |
| Sprache: | Spanisch |
| Veröffentlicht: |
Bogotá
Universidad Pedagógica Nacional
2006
|
| Ausgabe: | 1a. ed |
| Schlagworte: | |
| Tags: |
Tag hinzufügen
Keine Tags, Fügen Sie den ersten Tag hinzu!
|
MARC
| LEADER | 00000cam a2200000 a 4500 | ||
|---|---|---|---|
| 001 | UCJ9424 | ||
| 003 | CL-VaPUC | ||
| 008 | 070316e20060000CK |||||||||||||||||spa|d | ||
| 020 | |a 9588226643 | ||
| 082 | 0 | 4 | |a 371.12 |b SAN |2 21 |
| 100 | 0 | |a Sanabria Rodríguez, Luis Bayardo |e author |9 519431 | |
| 700 | 0 | |a Macías Mora, David |e author |9 519432 | |
| 245 | 1 | 0 | |a Formación de competencias docentes: diseñar y aprender con ambientes computacionales |
| 250 | |a 1a. ed | ||
| 300 | |a 140 p | ||
| 942 | |c BK | ||
| 945 | |d 20070316 00:00:00 |a cmena | ||
| 260 | |a Bogotá |b Universidad Pedagógica Nacional |c 2006 | ||
| 650 | 0 | |a Formación profesional de profesores |9 307493 | |
| 650 | 0 | |a Capacitación docente |9 312871 | |
| 650 | 0 | |a Aplicaciones de computadores |9 260401 | |
| 650 | 0 | |a Métodos de investigación |9 262618 | |
| 583 | |a last modification |c 20111004 10:13:06 |k Rodrigo Vera | ||
| 999 | |c 324949 |d 324947 | ||
| 952 | |0 0 |1 0 |4 0 |6 371_120000000000000_SAN_2006 |7 0 |8 A |9 405352 |a BIBEDU |b BIBEDU |d 2019-11-22 |i 4295676 |o 371.12 SAN 2006 |p 4295676 |r 2019-11-22 |w 2019-11-22 |y BK |k EDU | ||